Mujer y migración: alcances de un fenómeno nacional y regional /
Uloženo v:
| Hlavní autor: | |
|---|---|
| Další autoři: | |
| Médium: | Text |
| Vydáno: |
Cayambe:
ABYA YALA
|
| Témata: | |
| Tagy: |
Přidat tag
Žádné tagy, Buďte první, kdo vytvoří štítek k tomuto záznamu!
|
MARC
| LEADER | 00000 a a2200000 04500 | ||
|---|---|---|---|
| 001 | 35260 | ||
| 003 | |||
| 040 | |||
| 020 | |a 9978-04-273-3 | ||
| 022 | |a 9978-04-273-3 | ||
| 090 | |a 1001 B737m | ||
| 100 | |a Borrero Vega, Ana Luz | ||
| 245 | |a Mujer y migración: alcances de un fenómeno nacional y regional / |c Ana Luz Borrero Vega | ||
| 260 | |a Cayambe: |b ABYA YALA | ||
| 300 | |a 116 p. | ||
| 650 | |a MIGRACION | ||
| 650 | |a POBREZA | ||
| 650 | |a MUJERES | ||
| 650 | |a HOMBRES | ||
| 650 | |a MIGRACION RURAL URBANA | ||
| 650 | |a MIGRACION URBANA URBANA | ||
| 650 | |a MIGRACION INTERNACIONAL | ||
| 650 | |a PROBLEMAS SOCIALES | ||
| 650 | |a SUBEMPLEO | ||
| 650 | |a ESTRUCTURA DE LA FAMILIA | ||
| 650 | |a JEFAS DE HOGAR | ||
| 650 | |a ECUADOR | ||
| 650 | |a MIGRANTES | ||
| 650 | |a MORTALIDAD INFANTIL | ||
| 650 | |a ESCOLARIDAD | ||
| 650 | |a EMPLEO | ||
| 700 | |a Vega Ugalde, Silvia | ||
| 999 | |c 17343 |d 17343 | ||



